| 000 | 01499nam a2200397 a 4500 | ||
|---|---|---|---|
| 003 | BLK | ||
| 005 | 20250423090151.0 | ||
| 008 | 180408b bul|||||r ||||||| ||bul|| | ||
| 010 | _aKNG00085536000 | ||
| 020 | _a978-954-585-881-9 | ||
| 040 | _aBLK | ||
| 041 |
_aBUL _cBUL |
||
| 080 |
_aАмериканска литература (на САЩ) _b821.111(73) _x-312.4 _z821.111(73)-312.4 |
||
| 100 |
_aКинг, Стивън _9371799 |
||
| 139 |
_aКинг, Стивън _bК 54 |
||
| 245 | 1 | 0 |
_aТо _bРоман : Кн. 1 - 2 _cСтивън Кинг; прев. от англ. Любомир Николов. _nКн. 2 |
| 250 | _a3. изд. | ||
| 257 | _aUSA | ||
| 260 |
_aСофия _bБард _c2008 _9209457 _n978-954-655- ; 978-954-585- ; 978-954-584- |
||
| 300 |
_a768 с. _c21 см |
||
| 380 | _aX | ||
| 490 | _aБестселър # 1 | ||
| 500 | _aОриг. загл. It / Stephen King. - 1. изд. 1992-1993 в 2 кн. на изд. Плеяда в сер. Стивън Кинг ; 5. - Съдържа и за авт. | ||
| 653 | _aхорър | ||
| 653 | _aромани | ||
| 700 |
_aНиколов, Любомир Славов, 1950 - _eпрев. от англ. _9242031 |
||
| 760 | 1 |
_aКинг, Стивън _dБард, 2008 _h768 с. _tКн. 2 |
|
| 852 | _aЦб 241280 | ||
| 856 | 4 | _qpdf | |
| 856 | 4 | _qpdf | |
| 942 |
_cKNG _n0 _011 |
||
| 944 |
_aCR _c10.09.2008 _lМартин Енчев _k30575 |
||
| 944 |
_aED _c17.12.2009 _lф / |
||
| 999 |
_c81041 _d81041 |
||
| 999 | _d81041 | ||
| 999 | _d81041 | ||